000 00435 a2200133 4500
001 ART_41854
005 20260410162024.0
008 260409a
245 1 0 _aPoblamiento y despoblamiento
100 1 _aGonzález Becerril, Juan Gabino
700 1 _aMontoya Arce, Bernardino Jaciel
700 1 _aSandoval Forero, Eduardo Andrés
773 0 _tNotas de población
_g- Año XLIII, Nº 103 (jul./dic. 2016)
_wREV41841
999 _c33360
_d33360